Science Quiz

Random Science or Chemistry Quiz
Score 0/30 Timer 07:00
13 Plays Today
% Correct
SEISMOLOGY
88%
HYDROGEN
87.9%
NEON
87.7%
OZONE
86.9%
CARBON MONOXIDE
86.5%
1000
86.2%
3.1
84.2%
CLAVICLE
83.7%
IGNEOUS ROCK
83.1%
10
83%
1
82.9%
FEMUR
82.8%
WEATHERING
82.5%
PATELLA
82.1%
NECK
82.1%
% Correct
PLATE TECTONICS
80.4%
CANINES
78.8%
METAMORPHISM
78.7%
PLATES
76.7%
METHANE
76.4%
SPHENOID
76%
100
76%
FEATHERS
75.9%
MOLLUSCS
75.2%
ECHINODERMS
72.8%
FRILL
72.7%
ILIUM
68.9%
ARTHROPODS
66.8%
CHORDATES
66.6%
CNIDARIANS
66%

You're not logged in!

Compare scores with friends on all Sporcle quizzes.
OR
Log In

Sporcle TV

Today on Sporcle TV


Watch our educational content, quiz creation guides, and fun videos on Sporcle TV.

Show Comments

Extras

Top Quizzes Today


Score Distribution

Paid Content

Your Account Isn't Verified!

In order to create a playlist on Sporcle, you need to verify the email address you used during registration. Go to your Sporcle Settings to finish the process.

Report this User

Report this user for behavior that violates our Community Guidelines.

Details: